000 00237nam a2200097Ia 4500
008 240331s9999 xx 000 0 und d
082 _bWEB
100 _aWeb international. ed
245 0 _aWeb directory :
_bWorld's No.1 webguide
942 _cL
999 _c3252
_d3252